000 00538cam7a220019300 4500
001 tmp15694099
003 UPRA
005 20190826101755.0
008 951005s1965 cou eng u
035 _a(Sirsi) r61264
035 _a(UPRA)tmp15694099
040 _cUPRA
110 2 _aDenver Equipment Co.
_6A20756.1
245 1 0 _aModern mineral processing flowsheets.
250 _aAppendix to 1st ed.
260 _aDenver, CO :
_bDenver Equipment Co.,,
_c1965.
949 _aTN500
_wlcc
_i-80741
_mMAIN
_tBOOK
_lON-SHELF
004 61264
999 _c164021
_d164021